000 00875cam a22002054a 4500
005 20250605164022.0
008 250528s ||||||||||||||||||||||||d
035 _a16364
020 _a1880559765
040 _aGR-AtMCL
_bgre
_dGR-AtMCL
_eAACR2
245 1 _aDesign Literacy / Understanding Graphic Design
260 _bAllworth Press,
_c1997
300 _a278
520 _aThis book presents ninety-three ''object lessons'', specific histories examining the contexts in which well known, unknown, and anonymous works have made decisive contributions to the evolution of graphic design. Acknowledgements, Introduction: Object Lessons, Persuasion, Media, Language, Identity, Information, Iconography, Style, Commerce, Bibliography, Index.
700 1 _aHeller Steven
_92457
700 1 _aPromeroy Karen
_92458
942 _cBK
999 _c1873
_d1873